| 000 | 00812nam a2200205 i 4500 | ||
|---|---|---|---|
| 001 | 172474 | ||
| 003 | ES-MaACL | ||
| 005 | 20230906214928.0 | ||
| 008 | 090709s1982 sp |||| | spa d | ||
| 017 | _aM 13703-1978 | ||
| 020 | _a84-400-4806-8 | ||
| 080 | _a347.65(460)(083.2) | ||
| 100 | 1 |
_aBárcenas Simarro, Emiliano. _9141017 |
|
| 245 | 1 | 0 |
_aParticiones hereditarias extrajudiciales testamentarias y abintestatos y formularios sobre herencias / _cEmiliano Bárcenas Simarro. |
| 260 |
_aMadrid : _bE. Bárcenas Simarro, _c[1982] |
||
| 300 |
_a<3> v. ; _c22 cm. |
||
| 505 | 8 | _aContiene : T. II. Actos complementarios de la partición (1391, 19 p.) -- T. III. Casos prácticos de la partición (2 v.) | |
| 650 |
_aPartición hereditaria- _zEspaña. _9171538 |
||
| 852 |
_aES-MaACL _jE-12786-88 _9R.143573 |
||
| 999 |
_c172474 _d172474 |
||